000 01994nam a22002297a 4500
008 250530t2025 xxk|||||o|||| 00| 0 eng d
041 _aeng
110 _aRoyal Institution of Chartered Surveyors
245 _aRights over land for electricity infrastructure
_b- a code of practice
_h[Electronic resource]
250 _aversion 1
260 _bCAAV, RICS, ENA
_c30 May 2025
300 _a21p.
500 _aThe Royal Institution of Chartered Surveyors (RICS), the Central Association of Agricultural Valuers (CAAV), and Energy Networks Association (ENA) endorsed a new Code of Practice launched today for professional work in respect of rights over land for electricity infrastructure. This applies to those acting for an electricity undertaker, farmers, or landowners. Electricity infrastructure projects require rights over farms and other land, impacting owners, tenants, users and their businesses. All their interests must be properly recognised when undertaking these actions. The Code of Practice whose production was led by the CAAV is best practice guidance for professionals, acknowledging their crucial role delivering electricity infrastructure whilst ensuring those who host such equipment on land are properly and fairly advised, represented and treated. It was developed with an expert working group which included electricity licence holders, those who advise farmers and landowners and their membership organisations.
651 _aUnited Kingdom
690 _aInfrastructure
_96246
710 _aRoyal Institution of Chartered Surveyors
710 _aEnergy Networks Association
710 _aCentral Association of Agricultural Valuers
856 _uhttps://www.caav.org.uk/rights-over-land-for-electricity-infrastructure-code-of-practice-caav-rics-ena
_zAvailable from CAAV
856 _uhttps://www.rics.org/news-insights/rics-endorses-new-code-of-practice-for-rights-over-land-for-electricity-infrastructure
_zRICS press release
942 _n0
999 _c122168
_d122168